000 00449nam a2200181Ia 4500
008 230524s9999 xx 000 0 und d
020 _a9788175966727
082 _a658.43
_bNAT
100 _aR.Ananda Natarajan
245 0 _aBasic Electrical Engineering
250 _aIST
260 _aBHUBANESWAR
_bScitech
_c2009
300 _aXIV;12.24
500 _aQuantity Number: 15
650 _aElectrical
700 _a P.Ramesh Babu
942 _cBK
999 _c44308
_d44308